000 00526nam a2200181Ia 4500
005 20250508152307.0
008 008 250505s9999 xx 000 0 eng d
037 _aTextual
040 _aFEDL
_beng
_cFEDL
041 _aeng
_2eng
084 _a954.03, PRA
_qFEDL
100 _aPrasad Ishwari
245 0 _aHistory of modern India: 1740-1950 A. D.
260 _aAllahabad, India
_bThe Indian Press Pvt. Ltd.
700 _a Subedar S K
_9761171
942 _cTEXL
_h954.03, PRA
999 _c1335555
_d1335555